Francuskojęzyczne kraje świata - Statystyki

Ogólne statystyki
  • Ten quiz został rozwiązany 18 razy
  • Średni wynik to 19 z 33
Statystyki odpowiedzi
% Odpowiedź % Poprawnych
75.6 Belgia
94%
97.5 Francja
94%
28.6 Kanada
94%
92.0 Luksemburg
88%
32.9 Algieria
81%
67.1 Szwajcaria
81%
74.0 Demokratyczna Republika Konga
69%
41.2 Kamerun
69%
60.7 Kongo
69%
35.6 Maroko
69%
96.9 Monako
69%
26.3 Senegal
69%
26.5 Madagaskar
63%
28.6 Republika Środkowoafrykańska
63%
33.6 Wybrzeże Kości Słoniowej
63%
70.1 Andora
56%
27.2 Gwinea
56%
41.0 Togo
56%
52.5 Tunezja
56%
33.7 Benin
50%
80.0 Gabon
50%
20.0 Gambia
50%
24.5 Burkina Faso
44%
29.9 Gwinea Równikowa
44%
35.7 Komory
44%
50.0 Dżibuti
38%
42.0 Haiti
38%
72.7 Mauritius
38%
53.0 Seszele
38%
31.1 Vanuatu
31%
38.0 Liban
19%
20.2 Wyspy Świętego Tomasza i Książęca
19%
25.1 Portugalia
13%
Nie znaleziono quizów pasujących do podanych kryteriów
Rozkład punktacji
Procent ludzi z każdym wynikiem
Percentyl według liczby udzielonych odpowiedzi
Twoja historia wyników
Nie rozwiązałeś tego quizu